Statistics for 2017 Golden state Warriors

Click here to take the quiz!

General Stats

  • This quiz has been taken 58 times
  • The average score is 6 of 17

Answer Stats

Answer % Correct
stephen curry
100%
klay thompson
96%
kevin durant
91%
draymond green
83%
shaun livingston
60%
andre iguodala
57%
kevon looney
30%
david west
26%
ian clark
23%
james mcadoo
6%
zaza pachullia
2%
elliot williams
0%
cameron jones
0%
phil pressy
0%
patrick maw
0%
elgin cook
0%
scott wood
0%

Score Distribution

Percentile by Number Answered

Percent of People with Each Score

Your Score History

You have not taken this quiz